000 00625nam a2200169 i 4500
001 157518
003 ES-MaACL
005 20230906210721.0
008 040811s1884 be |||| | fre d
040 _aCAM
_bspa
_cCAM
100 1 _aLentz, François.
_9128878
245 1 0 _aDe l'alcoolisme et de ses diverses manifestations considérées au point de vue physiologique, pathologique, clinique et médico-légal /
_cpar F. Lentz.
260 _aBruxelles :
_bLibrairie Médicale de G. Mayolez,
_c1884.
300 _a567 p. ;
_c21 cm.
650 4 _aAlcoholismo.
_99712
852 _aES-MaACL
_jF-12951
_z-- Enc. pasta española
999 _c157518
_d157518